MARC details
| 000 -LEADER |
| fixed length control field |
01130nam a2200253 a 4500 |
| 008 - FIXED-LENGTH DATA ELEMENTS--GENERAL INFORMATION |
| fixed length control field |
120416s1985 ||||||||||||||||| || u |
| 020 ## - INTERNATIONAL STANDARD BOOK NUMBER |
| International Standard Book Number |
0125936907 |
| 050 ## - LIBRARY OF CONGRESS CALL NUMBER |
| Classification number |
QL 757 Eco |
| 100 ## - MAIN ENTRY--PERSONAL NAME |
| Personal name |
Anderson, R. M |
| 245 10 - TITLE STATEMENT |
| Title |
Ecology and genetics of host-parasite interactions : papers presented at an international symposium organized by the Linnean Society of London and the British Society for Parasitology, (Keele University, 12-13 July 1984 ) |
| Statement of responsibility, etc. |
edited by D. Rollinson |
| 260 ## - PUBLICATION, DISTRIBUTION, ETC. |
| Place of publication, distribution, etc. |
London: |
| Name of publisher, distributor, etc. |
Academic Press |
| Date of publication, distribution, etc. |
1985 |
| 300 ## - PHYSICAL DESCRIPTION |
| Extent |
viii, 266p.: ill. |
| 350 ## - PRICE (NR) (BK AM CF MU VM SE) [OBSOLETE] |
| Price |
0.00 |
| 490 ## - SERIES STATEMENT |
| Series statement |
Linnean Society symposium series |
| 500 ## - GENERAL NOTE |
| General note |
'Published for the Linnean Society of London.' |
| 650 ## - SUBJECT ADDED ENTRY--TOPICAL TERM |
| Topical term or geographic name entry element |
Host-parasite relationships - Congresses |
| 650 ## - SUBJECT ADDED ENTRY--TOPICAL TERM |
| Topical term or geographic name entry element |
Parasites - Ecology - Congresses |
| 650 ## - SUBJECT ADDED ENTRY--TOPICAL TERM |
| Topical term or geographic name entry element |
PARASITES |
| 650 ## - SUBJECT ADDED ENTRY--TOPICAL TERM |
| Topical term or geographic name entry element |
Parasites - Genetics - Congresses |
| 700 ## - ADDED ENTRY--PERSONAL NAME |
| Personal name |
Rollinson, D |
| 710 ## - ADDED ENTRY--CORPORATE NAME |
| Corporate name or jurisdiction name as entry element |
British Society for Parasitology |
| 710 ## - ADDED ENTRY--CORPORATE NAME |
| Corporate name or jurisdiction name as entry element |
Linnean Society of London |
| 995 ## - RECOMMENDATION 995 [LOCAL, UNIMARC FRANCE] |
| -- |
0.00 |
| -- |
CBU-MAIN LIBRARY (Kitwe) |
| -- |
1 |
| -- |
101.00 |
| -- |
AVAILABLE |
| -- |
Main Library Open Access Collection |